Statistics for Guess the Footballers by their Teams #16

Click here to take the quiz!

General Stats

  • This quiz has been taken 124 times
  • The average score is 7 of 10

Answer Stats

HintAnswer% Correct
1998-2016. Liverpool, LA Galaxy, England.Steven Gerrard
93%
2006-. Cardiff City, Arsenal, Nottingham Forest (loan), Cardiff City (loan), Juventus, Rangers (loan), Wales.Aaron Ramsey
88%
1998-2018. Chelsea, Nottingham Forest (loan), Aston Villa, England.John Terry
88%
2015-. Benfica B, Benfica, Manchester City, Portugal.Ruben Dias
86%
2007-. Barcelona B, Barcelona, Spain.Sergio Busquets
85%
2008-. Atletico Madrid B, Atletico Madrid, Spain.Koke
77%
2001-2020. Roma, Boca Juniors, Italy.Daniele De Rossi
63%
1987-2008. Karlsruher SC II, Karlsruher SC, Bayern Munich, Germany.Oliver Kahn
59%
1980-1997. Groningen, Ajax, PSV, Barcelona, Feyenoord, Netherlands.Ronald Koeman
49%
1987-2006. Velez Sarsfield, Pisa, Sevilla, Atletico Madrid, Inter Milan, Lazio, Atletico Madrid, Racing Club, Argentina.Diego Simeone
30%

Score Distribution

Percentile by Number Answered

Percent of People with Each Score

Your Score History

You have not taken this quiz